<?xml version="1.0" encoding="UTF-8"?>
<record
    xmlns:xsi="http://www.w3.org/2001/XMLSchema-instance"
    xsi:schemaLocation="http://www.loc.gov/MARC21/slim http://www.loc.gov/standards/marcxml/schema/MARC21slim.xsd"
    xmlns="http://www.loc.gov/MARC21/slim">

  <leader>01241nam a2200217Ia 4500</leader>
  <controlfield tag="003">OSt</controlfield>
  <controlfield tag="005">20251211163502.0</controlfield>
  <controlfield tag="008">210707s1982    xx            000 0 und d</controlfield>
  <datafield tag="040" ind1=" " ind2=" ">
    <subfield code="c">AL</subfield>
  </datafield>
  <datafield tag="041" ind1=" " ind2=" ">
    <subfield code="a">Kannada</subfield>
  </datafield>
  <datafield tag="082" ind1=" " ind2=" ">
    <subfield code="a">K894.1 AMBO</subfield>
  </datafield>
  <datafield tag="100" ind1=" " ind2=" ">
    <subfield code="a">AMBIKATANAYA DATTA</subfield>
    <subfield code="d">&#xC85;&#xC82;&#xCAC;&#xCBF;&#xC95;&#xCBE;&#xCA4;&#xCA8;&#xCAF;&#xCA6;&#xCA4;&#xCCD;&#xCA4;</subfield>
    <subfield code="9">248910</subfield>
  </datafield>
  <datafield tag="245" ind1=" " ind2=" ">
    <subfield code="a">Olave namma baduku.</subfield>
    <subfield code="b"> &#xC92;&#xCB2;&#xCB5;&#xCC7; &#xCA8;&#xCAE;&#xCCD;&#xCAE; &#xCAC;&#xCA6;&#xCC1;&#xC95;&#xCC1;. </subfield>
  </datafield>
  <datafield tag="260" ind1=" " ind2=" ">
    <subfield code="a">Bengaluru</subfield>
    <subfield code="b">Vishva Kannada Sammelana</subfield>
    <subfield code="c">1982</subfield>
  </datafield>
  <datafield tag="300" ind1=" " ind2=" ">
    <subfield code="a">xvi,294 p</subfield>
  </datafield>
  <datafield tag="365" ind1=" " ind2=" ">
    <subfield code="b">2</subfield>
    <subfield code="c">INR</subfield>
  </datafield>
  <datafield tag="520" ind1=" " ind2=" ">
    <subfield code="a">"&#xC92;&#xCB2;&#xCB5;&#xCC6; &#xCA8;&#xCAE;&#xCCD;&#xCAE; &#xCAC;&#xCA6;&#xCC1;&#xC95;&#xCC1;" &#xC8E;&#xC82;&#xCAC;&#xCC1;&#xCA6;&#xCC1; &#xC95;&#xCB5;&#xCBF; &#xCA6;.&#xCB0;&#xCBE;. &#xCAC;&#xCC7;&#xC82;&#xCA6;&#xCCD;&#xCB0;&#xCC6; &#xC85;&#xCB5;&#xCB0; &#xCAA;&#xCCD;&#xCB0;&#xCB8;&#xCBF;&#xCA6;&#xCCD;&#xCA7; &#xC95;&#xCB5;&#xCA8; &#xCB8;&#xC82;&#xC95;&#xCB2;&#xCA8;&#xCB5;&#xCBE;&#xC97;&#xCBF;&#xCA6;&#xCCD;&#xCA6;&#xCC1;, &#xC87;&#xCA6;&#xCC1; &#xCAA;&#xCCD;&#xCB0;&#xCC0;&#xCA4;&#xCBF;&#xCAF; &#xCA4;&#xCA4;&#xCCD;&#xCB5;&#xCB6;&#xCBE;&#xCB8;&#xCCD;&#xCA4;&#xCCD;&#xCB0;&#xCB5;&#xCA8;&#xCCD;&#xCA8;&#xCC1; &#xCB5;&#xCBF;&#xCB5;&#xCB0;&#xCBF;&#xCB8;&#xCC1;&#xCA4;&#xCCD;&#xCA4;&#xCA6;&#xCC6;. &#xC87;&#xCA6;&#xCC1; &#xC95;&#xCC7;&#xCB5;&#xCB2; &#xC92;&#xC82;&#xCA6;&#xCC1; &#xC95;&#xCB5;&#xCBF;&#xCA4;&#xCC6;&#xCAF;&#xCB2;&#xCCD;&#xCB2;, &#xCAC;&#xCA6;&#xCB2;&#xCBF;&#xC97;&#xCC6; &#xCAA;&#xCCD;&#xCB0;&#xCC0;&#xCA4;&#xCBF; &#xCAE;&#xCA4;&#xCCD;&#xCA4;&#xCC1; &#xCB8;&#xC82;&#xCAC;&#xC82;&#xCA7;&#xC97;&#xCB3; &#xCB8;&#xCBF;&#xCA6;&#xCCD;&#xCA7;&#xCBE;&#xC82;&#xCA4;&#xCB5;&#xCA8;&#xCCD;&#xCA8;&#xCC1; &#xCB5;&#xCBF;&#xCB5;&#xCBF;&#xCA7; &#xCA6;&#xCC3;&#xCB7;&#xCCD;&#xC9F;&#xCBF;&#xC95;&#xCCB;&#xCA8;&#xC97;&#xCB3; &#xCAE;&#xCC2;&#xCB2;&#xC95; &#xCB5;&#xCBF;&#xCB5;&#xCB0;&#xCBF;&#xCB8;&#xCC1;&#xCB5; &#xC92;&#xC82;&#xCA6;&#xCC1; &#xCAE;&#xCB9;&#xCA4;&#xCCD;&#xCB5;&#xCA6; &#xC95;&#xCC3;&#xCA4;&#xCBF;&#xCAF;&#xCBE;&#xC97;&#xCBF;&#xCA6;&#xCC6;</subfield>
  </datafield>
  <datafield tag="563" ind1=" " ind2=" ">
    <subfield code="a">PB</subfield>
  </datafield>
  <datafield tag="650" ind1=" " ind2=" ">
    <subfield code="a">Kannada Poetry</subfield>
    <subfield code="9">248911</subfield>
  </datafield>
  <datafield tag="942" ind1=" " ind2=" ">
    <subfield code="2">ddc</subfield>
    <subfield code="c">BK</subfield>
  </datafield>
  <datafield tag="999" ind1=" " ind2=" ">
    <subfield code="c">180120</subfield>
    <subfield code="d">180120</subfield>
  </datafield>
  <datafield tag="952" ind1=" " ind2=" ">
    <subfield code="0">0</subfield>
    <subfield code="1">0</subfield>
    <subfield code="2">ddc</subfield>
    <subfield code="4">0</subfield>
    <subfield code="7">0</subfield>
    <subfield code="8">KAN</subfield>
    <subfield code="a">AL</subfield>
    <subfield code="b">AL</subfield>
    <subfield code="c">SSS</subfield>
    <subfield code="d">2003-01-07</subfield>
    <subfield code="g">2.00</subfield>
    <subfield code="l">0</subfield>
    <subfield code="o">K894.1 AMBO</subfield>
    <subfield code="p">BB04022</subfield>
    <subfield code="r">2021-07-08 00:00:00</subfield>
    <subfield code="w">2021-07-08</subfield>
    <subfield code="y">BB</subfield>
  </datafield>
</record>
